|
|
|
|
| LEADER |
01109nam a2200361 4500 |
| 001 |
DLU030024486 |
| 005 |
##20010831093605.0 |
| 008 |
##010208s2002 maua 001 0 eng |
| 010 |
# |
# |
|a 2001030219
|
| 020 |
# |
# |
|a 0072839201
|
| 040 |
# |
# |
|a DLC
|c DLC
|d DLC
|
| 042 |
# |
# |
|a pcc
|
| 050 |
# |
# |
|a HF5635
|b .M4887 2002
|
| 082 |
# |
# |
|a 657
|b Fin
|
| 245 |
# |
# |
|a Financial and managerial accounting :
|b the basis for business decisions [Đĩa CD-ROM] /
|c Jan R. Williams ... [et al.].
|
| 250 |
# |
# |
|a 12th ed.
|
| 260 |
# |
# |
|a Boston, Mass. :
|b McGraw-Hill,
|c 2002.
|
| 300 |
# |
# |
|a 1 đĩa CD-ROM 4 3/4 in.
|
| 500 |
# |
# |
|a Includes index.
|
| 500 |
# |
# |
|a Tên sách: Financial and managerial accounting :
|b the basis for business decisions / Robert Meigs. 11th ed. 1999.
|
| 650 |
# |
# |
|a Accounting.
|
| 700 |
# |
# |
|a Meigs, Robert F.
|
| 700 |
# |
# |
|a Williams, Jan R.
|
| 730 |
# |
# |
|a Accounting, the basis for business decisions.
|
| 992 |
# |
# |
|a 154.31
|
| 994 |
# |
# |
|a DLU
|
| 900 |
# |
# |
|a True
|
| 911 |
# |
# |
|a Lê Nguyên Khang
|
| 925 |
# |
# |
|a CD
|
| 926 |
# |
# |
|a A
|
| 927 |
# |
# |
|a CD
|
| 980 |
# |
# |
|a Thư viện Trường Đại học Đà Lạt
|